000 00327pab a2200145 454500
008 180718b1989 xxu||||| |||| 00| 0 eng d
100 _aKhanna, C.P.
245 _aVocationalisation of education
260 _c1989
300 _a11
362 _a1 May
650 _aVocational Education
773 _aYojana
909 _a20305
999 _c20305
_d20305